Cities served by N'Djamena Airport on a Map - Statistics

General Stats
  • This quiz has been taken 77 times
  • The average score is 14 of 17
Answers on the Map
Answers color-coded by a green-red scale on the quiz's map according to % correct below.
 
Answer Stats
City % Correct
Cairo
98%
Paris
97%
Addis Ababa
95%
Dubai
95%
Istanbul
95%
Khartoum
95%
Lagos
94%
Abuja
92%
Jeddah
91%
Abidjan
84%
Lomé
83%
N'Djamena
81%
Kano
78%
Douala
73%
Luxembourg City
64%
Malabo
61%
Sharjah
56%
No matching quizzes found
Score Distribution
Percent of People with Each Score
Percentile by Number Answered
Your Score History
You have not taken this quiz